000 01734nam a2200397 a 4500
001 ebr10480815
003 CaPaEBR
006 m u
007 cr cn|||||||||
008 110204s2011 caua sb 001 0 eng d
010 _z 2011005498
020 _z9780520267695 (pbk. : alk. paper)
020 _z9780520950054 (e-book)
040 _aCaPaEBR
_cCaPaEBR
035 _a(OCoLC)747020112
043 _ae-it---
050 1 4 _aPQ4080
_b.J43 2011eb
082 0 4 _a850.9/004
_222
100 1 _aJed, Stephanie H,
_d1953-
245 1 0 _aWings for our courage
_h[electronic resource] :
_bgender, erudition, and republican thought /
_cStephanie H. Jed.
260 _aBerkeley, Calif. :
_bUniversity of California Press,
_c2011.
300 _axvi, 282 p. :
_bill.
490 1 _aFlashPoints ;
_v6
504 _aIncludes bibliographical references and index.
505 2 _asection 1. Slaying the tyrant, 1536-2011 -- section 2. Wings for my courage -- section 3. Gender, erudition and the Italian nation.
533 _aElectronic reproduction.
_bPalo Alto, Calif. :
_cebrary,
_d2013.
_nAvailable via World Wide Web.
_nAccess may be limited to ebrary affiliated libraries.
650 0 _aItalian literature
_y16th century
_xHistory and criticism.
650 0 _aPolitics and literature
_zItaly
_xHistory
_y16th century.
650 0 _aRepublicanism in literature.
650 0 _aRepublicanism
_zItaly
_zFlorence
_xHistory
_y16th century.
650 0 _aRepublicanism
_xHistory.
655 7 _aElectronic books.
_2local
710 2 _aebrary, Inc.
830 0 _aFlashpoints (Berkeley, Calif.) ;
_v6.
856 4 0 _uhttp://site.ebrary.com/lib/rucke/Doc?id=10480815
_zAn electronic book accessible through the World Wide Web; click to view
999 _c221681
_d221681